Statistics for Arabian Countries

Click here to take the quiz!

General Stats

  • This quiz has been taken 255 times
  • The average score is 8 of 8

Answer Stats

Country % Correct
Oman
100%
Saudi Arabia
99%
Yemen
99%
Qatar
97%
United Arab Emirates
95%
Iraq
93%
Kuwait
93%
Jordan
91%

Score Distribution

Percentile by Number Answered

Percent of People with Each Score

Your Score History

You have not taken this quiz